000 00412nam a2200157Ia 4500
008 130318s9999 xx 000 0 und d
020 _a9789350233948
082 _a006.76J FLA/J
100 _aFlanagan, David
245 _aJava script:The definitive guide
250 _a6
260 _bO'reilly/Shroff Publishers and Distributors
_aU.S.A
_c2011
300 _a1078
650 _aJAVA SCRIPT
650 _aJ-QUERY
999 _c2476
_d2476